000 00608nam a22001817a 4500
005 20250924113630.0
100 _aJohnson, M.P.
245 _aSustainable antioxidant for replacement of 6PPD in rubber compound
260 _bInternational Rubber Conference-Rubber Con 2024: Sustainable Development in Rubber Industry-Challenges and Opportunities, 5-7 December 2024, Indian Rubber Institute, Kochi, India, p. 104.
300 _bAbstract only
650 _a6PPD
650 _aTyre
650 _aTurmeric
650 _aOleoresin
700 _aNatchimuthu, N.
700 _aRamakrishnan, S.
942 _cJS
999 _c75656
_d75656